Marcatori del Napoli in UEFA Champions League 2011-2012 - Statistics

Statistiche generali
  • Questo quiz è stato fatto 25 volte
  • Il punteggio medio è 8 su 9
Statistiche sulle risposte
Partita Minuto Marcatore % Corretto
Manchester City - Napoli 1-1 69' Edinson Cavani
100%
Napoli - Villarreal 2-0 17' Edinson Cavani
100%
Napoli - Manchester City 2-1 17' Edinson Cavani
100%
Napoli - Manchester City 2-1 49' Edinson Cavani
100%
Napoli - Villarreal 2-0 15' Marek Hamšík
95%
Villarreal - Napoli 0-2 76' Marek Hamšík
95%
Villarreal - Napoli 0-2 65' Gökhan Inler
71%
Bayern Monaco - Napoli 3-2 45' Federico Fernández
57%
Bayern Monaco - Napoli 3-2 79' Federico Fernández
57%
Nessun quiz corrispondente trovato
Distribuzione punteggi
Percentuale di utenti per punteggio
Percentile per numero di risposta
I tuoi punteggi nel tempo
Non hai fatto questo quiz